Loading...
| History - European | 0 | 5 | 0 | 3 | 50 | 73 | 100.80 | 0 | 2 | 8.56 | 24.61 |
| Social Science | 0 | 4 | 0 | 0 | 40 | 67 | 78.75 | 0 | 0 | 11.73 | 19.83 |
| Literature - World | 0 | 4 | 0 | 0 | 40 | 74 | 102.75 | 0 | 2 | 10.55 | 26.06 |
| Philosophy | 0 | 4 | 0 | 0 | 40 | 71 | 81.75 | 0 | 2 | 12.09 | 24.00 |
| Mythology | 0 | 3 | 0 | 1 | 30 | 56 | 86.33 | 0 | 2 | 8.94 | 20.33 |
| Religion | 0 | 4 | 3 | 2 | 25 | 84 | 101.50 | 0 | 1 | 3.70 | 12.83 |
| Literature - American | 0 | 2 | 0 | 0 | 20 | 96 | 96.50 | 1 | 1 | 6.21 | 17.50 |
| History - Other | 0 | 2 | 0 | 0 | 20 | 80 | 83.00 | 1 | 1 | 6.28 | 15.28 |
| Current Events | 0 | 1 | 0 | 0 | 10 | 74 | 74.00 | 0 | 1 | 14.21 | 25.00 |
| Literature - British | 0 | 1 | 0 | 0 | 10 | 132 | 132.00 | 0 | 0 | 0.29 | 4.00 |
| History - World | 0 | 1 | 0 | 0 | 10 | 85 | 85.00 | 0 | 1 | 3.56 | 6.00 |
| Science - Biology | 0 | 1 | 0 | 0 | 10 | 114 | 114.00 | 0 | 0 | 0.00 | 1.00 |
| Fine Arts - Other | 0 | 1 | 0 | 0 | 10 | 68 | 68.00 | 0 | 0 | 4.93 | 7.00 |
| Science - Other | 0 | 1 | 1 | 1 | 5 | 117 | 117.00 | 0 | 0 | 0.25 | 3.33 |
| Science - Chemistry | 0 | 0 | 0 | 0 | 0 | 0.00 | 0 | 0 | 0.00 | 0.00 |